Breeding for high yield and disease rresistance in Hevea (Record no. 54939)

MARC details
000 -LEADER
fixed length control field 00388nam a2200121Ia 4500
100 ## - MAIN ENTRY--AUTHOR NAME
Personal name Baptiste E D C
245 #0 - TITLE STATEMENT
Title Breeding for high yield and disease rresistance in Hevea
260 ## - PUBLICATION, DISTRIBUTION, ETC. (IMPRINT)
Name of publisher Proceedings of the Natural Rubber Research Conference, Kuala Lumpur, 1960; p430-445
650 ## - SUBJECT ADDED ENTRY--TOPICAL TERM
Topical Term Disease resistance
650 ## - SUBJECT ADDED ENTRY--TOPICAL TERM
Topical Term Hevea
942 ## - ADDED ENTRY ELEMENTS (KOHA)
Koha item type Journals
Holdings
Withdrawn status Lost status Damaged status Not for loan Home library Current library Shelving location Date acquired Koha item type
      Journals RRII Library RRII Library Botany 17/12/2021 Journals